Decreta authentica Congregationis Sacrorum Rituum et instructio clementina ex actis ejusdem collecta ab Aloisio Gardellini, in usum cleri commodiorem ordine alphabetico concinnata

Detalles Bibliográficos
Autor principal: Iglesia Católica. Congregación de los Sagrados Ritos
Otros Autores: Mühlbauer, Wolfgangus om, Gardellini, Alonso
Formato: Libro
Lenguaje:Latin
Publicado: Monachii 1863
Materias:
Colección:Banco de datos
Acervo:Biblioteca de la Congregación del Oratorio de San Felipe Neri de México. Iglesia La Profesa
Descripción Física:t. 22 cm.
Tema general:Derecho eclesiástico
Notas:Encuadernación en cartón con lomo en piel (5475-5478). Ex libris en estampa del Presbítero de Tomás M. Osorio (5475-5478). Sello en tinta del Oratorio de San Felipe Neri de México. Biblioteca La Profesa, D.F. (5475-5478). Daños de humedad y en la encuadernación (5475, 5478). Daños de humedad (5477)
LEADER 01396nam a22002170004500
035 |a 2778 
041 0 |a lat 
100 1 |a Iglesia Católica. Congregación de los Sagrados Ritos 
245 1 0 |a Decreta authentica Congregationis Sacrorum Rituum et instructio clementina ex actis ejusdem collecta ab Aloisio Gardellini, in usum cleri commodiorem ordine alphabetico concinnata  |c opera et studio Wolfgangi Mühlbauer caeremoniarii etc. Ecclesiae Metrop. Monacensis  
260 |a Monachii   |b sumptibus librariae J. J. Lentnerianae (E. Stahl.)  |c 1863 
300 |a  t.  |c 22 cm. 
500 |a Encuadernación en cartón con lomo en piel (5475-5478). Ex libris en estampa del Presbítero de Tomás M. Osorio (5475-5478). Sello en tinta del Oratorio de San Felipe Neri de México. Biblioteca La Profesa, D.F. (5475-5478). Daños de humedad y en la encuadernación (5475, 5478). Daños de humedad (5477) 
504 |a Índice de términos 
505 0 0 |a t. 1 A-I.-- t. 2 L-Q.-- t. 3, v. 1 R. Sepulchrum.-- t. 3, v. 2 Sepultura-Zona canonicorum  
650 1 0 |a Derecho eclesiástico 
700 1 |a Mühlbauer, Wolfgangus  |c om. 
700 1 |a Gardellini, Alonso 
949 |a Iglesia La Profesa, Biblioteca t. 1 (5475); t. 2 (5476); t. 3, v. 1 (5477); t. 3, v. 2 (5478) 
942 |c PROFESA 
943 |g Biblioteca de la Congregación del Oratorio de San Felipe Neri de México. Iglesia La Profesa 
999 |c 949589  |d 949589